000 00309nam a2200133Ia 4500
005 20251222155206.0
008 251222s9999||||xx |||||||||||||| ||spa||
082 _aMEQ. 99
100 _aMERK S.
245 0 _aTercer Congreso Latinoamericano Diabetes
250 _a1ra. ed.
264 _bLabor
942 _cLIB
999 _c40100
_d40100